Energy in the development strategy of indian househols the missing half / (Record no. 36697)

MARC details
000 -LEADER
fixed length control field 00476nam a2200121Ia 4500
008 - FIXED-LENGTH DATA ELEMENTS--GENERAL INFORMATION
fixed length control field 220512s9999 xx 000 0 eng d
100 ## - MAIN ENTRY--PERSONAL NAME
Personal name Reddy, B Sudhakara
245 #0 - TITLE STATEMENT
Title Energy in the development strategy of indian househols the missing half /
Statement of responsibility, etc. Reddy, B Sudhakara and others
260 ## - PUBLICATION, DISTRIBUTION, ETC.
Place of publication, distribution, etc. Mumbai :
Name of publisher, distributor, etc. Indira Gandhi Insitute of development Research,
Date of publication, distribution, etc. Jan-12
500 ## - GENERAL NOTE
General note Indira Gandhi Insitute of development Research-working paper-2012-003
546 ## - LANGUAGE NOTE
Language note English
942 ## - ADDED ENTRY ELEMENTS (KOHA)
Koha item type Research Papers
Holdings
Withdrawn status Lost status Damaged status Not for loan Collection code Home library Current library Date acquired Total Checkouts Barcode Date last seen Price effective from Koha item type
        Working Papers NASSDOC Library NASSDOC Library 12/05/2022   P951 12/05/2022 12/05/2022 Research Papers